Euroopan maantiedettä kirjaimittain - O - Statistics

Yleistilastot
  • Tätä visaa on pelattu 984 kertaa
  • Keskiarvotulos 9 / 20
Vastaustilastot
Vihje Vastaus % Oikein
Pohjois-Suomen suurin kaupunki Oulu
99%
Norjan pääkaupunki Oslo
98%
Englannin vanhin yliopisto Oxford
89%
Savonlinnassa sijaitseva 1400-luvulla rakennettu linna {Olavin}linna
88%
Oluesta tunnettu perinteinen syysfestivaali Münchenissä Oktoberfest
83%
Vanhasta kuparikaivoksestaan tunnettu Suomen kunta, jolla on sama nimi kuin metalliteollisuusalan yrityksellä Outokumpu
65%
Kreikan korkein vuori Ólympos
61%
Ukrainan suurin rannikkokaupunki Odessa
60%
Hiihdon MM-kisat kolmesti järjestänyt saksalainen talviurheilukaupunki, jossa järjestetään yksi mäkiviikon osakilpailuista Oberstdorf
47%
Manchester Unitedin kotistadion Old Trafford
41%
Tšekin kolmanneksi suurin kaupunki Ostrava
41%
Joki Saksan ja Puolan välisellä rajalla Oder
34%
Fynin saaren suurin kaupunki Odense
30%
Yksi Normandian maihinnousun rannoista Omaha Beach
28%
Skotlannissa sijaitseva saaristo, joka kuului Norjalle vuoteen 1468 asti {Orkney}saaret
25%
Merkittävässä roolissa satavuotisessa sodassa ollut Ranskan kaupunki, jossa sijaitsee yksi Euroopan vanhimmista yliopistoista Orléans
22%
Pohjois-Makedoniassa ja Albaniassa sijaitseva Euroopan vanhin ja yksi Balkanin suurimmista järvistä {Ohrid}järvi
12%
Belgian rannikkokaupunki Oostende
10%
Historiallinen ja nykyinen hallinnollinen alue Etelä-Ranskassa Oksitania
8%
Nimeä toinen kahdesta suurimmasta kirjaimella O alkavasta Puolan kaupungista Olsztyn / Opole
8%
Ehtoja vastaavia visoja ei löytynyt
Tulosjakauma
Jokaisen tuloksen saaneiden osuus
Persentiili vastausten määrän mukaan
Tuloshistoriasi
Et ole pelannut tätä visaa